000 00493nam a2200133Ia 4500
005 20260209120138.0
008 260209s9999||||xx |||||||||||||| ||und||
100 _aSwati Mohapatra
245 0 _aDoes death penalty really deter? The penological justifications of death penalty in contemporary era
260 _aBangaloreBangalore
_bNLSIU
_c2016
300 _a96 p. ; 25 cm.
700 _aDr. A Nagarathna - GuideDr. A Nagarathna - Guide
856 _uhttps://dans.nls.ac.in/handle/123456789/1623
999 _c217285
_d217285